Mobile license renewal: what are the issues? what is at stake? (Record no. 292944)

000 -LEADER
fixed length control field 00474cam a22001457a 4500
008 - FIXED-LENGTH DATA ELEMENTS--GENERAL INFORMATION
fixed length control field 180718b2005 xxu||||| |||| 00| 0 eng d
100 ## - MAIN ENTRY--PERSONAL NAME
Personal name Guermazi, Boutheina
245 ## - TITLE STATEMENT
Title Mobile license renewal: what are the issues? what is at stake?
Statement of responsibility, etc. by Boutheina Guermazi and Isabel Neto
260 ## - PUBLICATION, DISTRIBUTION, ETC.
Place of publication, distribution, etc. Washington, D.C.
Name of publisher, distributor, etc. World Bank
Date of publication, distribution, etc. 2005
300 ## - PHYSICAL DESCRIPTION
Extent 22p.
440 ## - SERIES STATEMENT/ADDED ENTRY--TITLE
Title Policy research working paper; no. 3729
650 ## - SUBJECT ADDED ENTRY--TOPICAL TERM
Topical term or geographic name entry element Licenses
650 ## - SUBJECT ADDED ENTRY--TOPICAL TERM
Topical term or geographic name entry element Neto, Isabel
700 ## - ADDED ENTRY--PERSONAL NAME
Personal name Neto, Isabel
Holdings
Withdrawn status Lost status Damaged status Not for loan Permanent Location Current Location Date acquired Barcode Date last seen Price effective from Koha item type
        Indian Institute of Public Administration Indian Institute of Public Administration 2006-01-16 WB10784 2018-07-20 2018-07-20 WB

Powered by Koha